000 00684nam a2200217 i 4500
001 36217
003 ES-MaACL
005 20230906155327.0
007 t|
008 030217s1947 xxu ||||1| eng d
100 1 _aBronwell, Arthur B.
_931904
245 1 0 _aTheory and application of microwaves /
_cby Arthur B. Bronwell, Robert E. Beam.
250 _a1st ed.
260 _aNew York, etc. :
_bMcGraw-Hill Book Company,
_c1947.
300 _aXV, 470 p., 1 map. :
_bil. ;
_c24 cm.
490 1 _aRadio communication series
700 1 _aBeam, Robert E.
_926777
830 0 _aRadio communication series
_9229580
852 _aES-MaACL
_jC-5011
_bR.25525
999 _c36217
_d36217